Jack Nicholson : el actor y sus máscaras /
Fue un abogado borracho y sin porvenir en "Buscando mi destino", un decepcionado detective en "Chinatown", un asesino psicópata en "Alguien voló sobre el nido del cuco" y el ingenioso, histriónico "malo" de "Batman". Pero bajo todas las facetas de su...
Guardado en:
| Autor Principal: | |
|---|---|
| Otros Autores: | |
| Formato: | Libro |
| Idioma: | Undetermined |
| Publicado: |
Barcelona :
Grijalbo,
1991.
|
| Series: | Hojas nuevas
|
| Materias: | |
| Etiquetas: |
Agregar Etiqueta
Sin Etiquetas, Sea el primero en etiquetar este registro!
|
| LEADER | 01942nam a22001935a 4500 | ||
|---|---|---|---|
| 001 | CEM.cems021255 | ||
| 008 | 240626s1991####sp############000#0#und#d | ||
| 005 | 20240626184531.0 | ||
| 245 | 1 | 0 | |a Jack Nicholson : |b el actor y sus máscaras / |c John Parker ; traducido por Cristina Bordas. |
| 260 | |a Barcelona : |b Grijalbo, |c 1991. | ||
| 300 | |a 344 p. | ||
| 490 | 1 | |a Hojas nuevas | |
| 520 | |a Fue un abogado borracho y sin porvenir en "Buscando mi destino", un decepcionado detective en "Chinatown", un asesino psicópata en "Alguien voló sobre el nido del cuco" y el ingenioso, histriónico "malo" de "Batman". Pero bajo todas las facetas de su multiforme personalidad es Jack Nicholson, quizás el más flexible e intenso de los actores norteamericanos. Y cuando se admiran sus extraordinarias caracterizaciones resulta imposible creer que tardó once años -desde su primera aparición en la pantalla, "Cry Baby Killer", hasta su primera interpretación triunfal, "Buscando mi destino"- en traspasar la rígida barrera del anonimato. Pero once años que son también el vívido testimonio de una ambición lícita que trata de abrirse paso en el complejo y caprichoso mundo del cine. Después, la fama, los Oscar (Nicholson ha obtenido dos y ha sido nominado para otros siete), la sutil evolución psicológica de un inconformismo radical a una actitud más irónica y distanciada: el paso de la casi bohemia de aspirante a la riqueza y comodidad del consagrado. "Jack Nicholson. Un guasón multiforme" es una biografía, un análisis filmográfico de un muy sólido actor y un brillante testimonio de la vida, las fragilidades y escándalos de lo que aún sigue siendo una "fábrica de sueños", un mundo del que, de un modo u otro, todos formamos parte. | ||
| 020 | |a 8425323460 | ||
| 100 | 1 | |a Parker, John. | |
| 700 | 1 | |a Bordas, Cristina; trad. | |
| 653 | |a Biografías | ||
| 653 | |a Cine | ||
| 859 | |a CEMS |b BIB. CEMS - 11 de abril |h 927 |i N52p |p 29403.23 |t Ej.1 | ||
